| 000 | 00777cam a22002532 4500 | ||
|---|---|---|---|
| 001 | 0000003718 | ||
| 005 | 20151217151930.0 | ||
| 008 | 070514s xx 000 0 eng d | ||
| 020 | _cKES 600 | ||
| 040 |
_aKABU _cKABU |
||
| 050 | 0 |
_aQC23 _b.R69 |
|
| 100 | 1 |
_aRowell, Gilbert. _@0000160649 |
|
| 245 | 1 | 0 |
_aPhysics / _cby Gilbert Rowell and Sydney Herbert. |
| 260 |
_aCambridge : _bCambridge University Press, _c1987. |
||
| 300 | _a409 p. | ||
| 650 | 0 |
_aPhysics. _@0000153778 |
|
| 700 | 1 |
_aHerbert, Sydney. _@0000160650 |
|
| 908 | _a070514 | ||
| 950 | _@1 | ||
| 999 |
_c6468 _d6468 |
||